=LDR 00000nam 2200000 4500 =001 INLIS000000000024227 =005 20130612122828 =008 ***********************************Ind** =035 ##$$a0010-061300000024227 =041 ##$$a Ind =082 ##$$a 808.87 =090 ##$$a 808.87, Jay a =100 ##$$a Jaya, Ashad Kusuma =245 ##$$a Abu nawas dan abu wardah, Kisah jenaka dan mutiara kabijaksanaan, Ashad Kusuma Djaya =260 ##$$a 2003 $b Yogyakarta =300 ##$$a 185 hlm., 21 cm =650 ##$$a Humor =850 ##$$a NBPNMAT =990 ##$$a 0001/BPAP-NTB/20142014